000 00654nam a2200193Ia 4500
003 GCL
008 140319s9999 xx 000 0 ara d
040 _aGCL /
_cGCL
082 0 4 _aد
_b050
100 1 _aفؤاد مرسى
245 1 0 _aالراسمالية تجدد نفسها (عالم المعرفة 147) /
_cفؤاد مرسى
260 _a[S.N] :
_bالمجلس الوطنى للثقافة والفنون والاداب ،
_c1990
300 _a494 ص
490 _aعالم المعرفة
_v0
650 0 4 _aالنظم الاقتصادية
650 0 4 _aالمذاهب الاقتصادية
650 0 4 _aالراسمالية
942 _2ddc
_cBK
999 _c35952
_d35952